000 00520nam a22001937a 4500
003 KOHA_MİRAKIL
005 20250409131605.0
008 250409b tu ||||| |||| 00| 0 tur d
020 _a9789759051709
040 _aTR-AnABB
_btur
_cTR-AnABB
041 _atur
082 _a174
_bUZU 2016
100 1 _aUzun, Ruhdan,
245 1 0 _aİletişim etiği /
_cRuhdan Uzun
260 _aAnkara :
_bDipnot Yayınları,
_c2016
300 _a343 sayfa ;
_c21 cm
650 0 4 _aTürk edebiyatı, roman
942 _2ddc
_cBK
999 _c8604
_d8604
900 _bGizem YORULMAZ